LEADER 00913naa a2200217 u 4500 001 000000099444 003 CaOOAMICUS 005 20070226130158.0 008 051003s1994 it u000 u ita u 035 $a11061210 040 $aIAR$bita 100 1 $aTosti, Mario.$0(OLS)http://pul/name/43420 245 10$a[Recensione :] Pietro Tamburini e il giansenismo lombardo /$cMario Tosti. 260 $aBologna :$bEd. Dehoniane,$c1994. 300 $aS. 712-718 ;$c22 cm 630 04$aPietro Tamburini e il giansenismo lombardo.$0(OLS)http://pul/subject/31818 730 0 $aCristianesimo nella storia$g[Spogli].$0(OLS)http://pul/title/7312 773 0 $aCristianesimo nella storia ;.$tvol. XV (1994) 773 0 $tCristianesimo nella storia$w()5012 996 $6245$a[Recensione :] Pietro Tamburini e il giansenismo lombardo$9(OLS)http://pul/title/126322 996 $6260$aBologna :$bEd. Dehoniane$9(OLS)http://pul/publisher/48282 LEADER 01319nam a2200265 i 4500 001 000000104868 003 CaOOAMICUS 005 20070508144810.0 008 070508s2005 sp u000 u spa r 020 $a84-8456-217-4 040 $aPUL$bita$dLDB 100 1 $aMonge Fernández, Antonia.$0(OLS)http://pul/name/64442 245 14$aLos delitos de agresiones sexuales violentas:$b(análisis de los artículos 178 y 179 CP conforme a la LO 15/2003, de 25 noviembre) /$cAntonia Monge Fernández. 260 $aValencia :$bTirant Lo Blanch,$c2005. 300 $a325 p. ;$c22 cm 490 1 $aTirant monographias ;$v392 504 $aBibliografia: p. [305]-325. 650 4$aViolenza sessuale (diritto).$0(OLS)http://pul/subject/33265 830 0$aTirant monographias ;$v392.$0(OLS)http://pul/title/100963 850 $aPUL 852 $aPUL$W1$xSL Diritto e Scienze Sociali 3$y79$m345. 46 MONAN 1$j117450$qDDC 21$B117393$CPULBib$Z2$F117393 $H100427 $82 941 1 $a9 996 $6020$a84-8456-217-4$9(OLS)http://pul/number/134237 996 $6245$aLos delitos de agresiones sexuales violentas:$b(análisis de los artículos 178 y 179 CP conforme a la LO 15/2003, de 25 noviembre)$9(OLS)http://pul/title/131904 996 $6260$aValencia :$bTirant Lo Blanch$9(OLS)http://pul/publisher/74622